书目信息 |
| 题名: |
新视野商务英语视听说
|
|
| 作者: | 马龙海 主编 ;李毅 , 田红雨 副主编 | |
| 分册: | 上 | |
| 出版信息: | 北京 外语教学与研究出版社 2010.06 |
|
| 页数: | 143页 | |
| 开本: | 28cm | |
| 丛书名: | 普通高等教育“十一五”国家级规划教材 | |
| 单 册: | ||
| 中图分类: | H319.9 | |
| 科图分类: | ||
| 主题词: | 商务--shang wu--英语--听说教学--高等学校--技术学校--教学参考资料 | |
| 电子资源: | ||
| ISBN: | 978-7-5600-9532-5 | |
| 000 | 01424nam 2200313 450 | |
| 001 | B00000056787 | |
| 005 | 20110716144208.34 | |
| 010 | @a978-7-5600-9532-5@dCNY25.90 (含光盘) | |
| 010 | @a978-7-89478-486-5@b光盘 | |
| 100 | @a20100730d2010 km y0chiy50 ea | |
| 101 | 0 | @aeng |
| 102 | @aCN@b110000 | |
| 105 | @aa z 000yy | |
| 106 | @ar | |
| 200 | 1 | @a新视野商务英语视听说@Axin shi ye shang wu ying yu shi ting shuo@d= New horizon business english:viewing, listening & speaking@h上@e教师用书@f主编马龙海@g副主编李毅, 田红雨@zeng |
| 210 | @a北京@c外语教学与研究出版社@d2010.06 | |
| 215 | @a143页@d28cm@e光盘1片 | |
| 225 | 2 | @a普通高等教育“十一五”国家级规划教材@Apu tong gao deng jiao yu shi yi wu guo jia ji gui hua jiao cai |
| 330 | @a本书商务英语视听说课程是培养商务英语专业学生听说交际能力的主要形式。由于我国商务英语教学起步较晚,特别是受到影视制作和设备的限制,目前与该课程相适应的教材和配套音像材料比较缺乏,几乎所有开设商务英语课程的学校都只能利用录音教授听说课。 | |
| 410 | 0 | @12001 @a普通高等教育“十一五”国家级规划教材 |
| 510 | 1 | @aNew horizon business english:viewing, listening & speaking@zeng |
| 586 | @a | |
| 606 | 0 | @a商务@Ashang wu@x英语@x听说教学@x高等学校@x技术学校@j教学参考资料 |
| 690 | @aH319.9@v5 | |
| 701 | 0 | @a马龙海@Ama long hai@4主编 |
| 702 | 0 | @a李毅@Ali yi@4副主编 |
| 702 | 0 | @a田红雨@Atian gong yu@4副主编 |
| 801 | 0 | @aCN@c20110610 |
| 905 | @dH319.9@eM0914:1@f3 | |
| 新视野商务英语视听说= New horizon business english:viewing, listening & speaking.上:教师用书/主编马龙海/副主编李毅, 田红雨.-北京:外语教学与研究出版社,2010.06 |
| 143页;28cm+光盘1片.-(普通高等教育“十一五”国家级规划教材) |
| ISBN 978-7-5600-9532-5:CNY25.90 (含光盘) |
| 本书商务英语视听说课程是培养商务英语专业学生听说交际能力的主要形式。由于我国商务英语教学起步较晚,特别是受到影视制作和设备的限制,目前与该课程相适应的教材和配套音像材料比较缺乏,几乎所有开设商务英语课程的学校都只能利用录音教授听说课。 |
| ● |
| 相关链接 |
|
|
|
正题名:新视野商务英语视听说
索取号:H319.9/M0914:1
 
预约/预借
| 序号 | 登录号 | 条形码 | 馆藏地/架位号 | 状态 | 备注 |
| 1 | 885055 | 208850554 | 语言库209/209语言库 30排2列3层/ [索取号:H319.9/M0914:1] | 在馆 | |
| 2 | 885056 | 208850563 | 语言库209/209语言库 30排2列3层/ [索取号:H319.9/M0914:1] | 在馆 | |
| 3 | 885057 | 208850572 | 语言库209/209语言库 30排2列3层/ [索取号:H319.9/M0914:1] | 在馆 |